[Event "Barcelona Sant Marti op 05th"]
[Site "Barcelona"]
[Date "2003.06.21"]
[Round "9.25"]
[White "Farre, Francisco"]
[Black "Serrate Lopez, Joan Manel"]
[Result "1-0"]
[WhiteElo "1890"]
[BlackElo "1770"]
[PlyCount "51"]
[EventDate "2003.04.26"]
[EventType "swiss"]
[EventRounds "9"]
[EventCountry "ESP"]
[SourceTitle "EXT 2004"]
[Source "ChessBase"]
[SourceDate "2003.11.25"]
[SourceVersion "1"]
[SourceVersionDate "2003.11.25"]
[SourceQuality "1"]

1. e4 b6 2. d4 Bb7 3. Bd3 e6 4. Nf3 Nf6 5. Bg5 Be7 6. Nbd2 Na6 7. a3 c5 8. c3 cxd4 9. cxd4 Nc7 10. 0-0 0-0 11. Re1 d5 12. Bxf6 Bxf6 13. e5 Be7 14. Rc1 Rc8 15. Nf1 f5 16. exf6 Bxf6 17. Ng3 g6 18. Qe2 Qe7 19. Rc3 Rfe8 20. Rec1 a6 21. R1c2 Kg7 22. h3 b5 23. Ne5 Bxe5 24. Qxe5+ Kh6 25. Rxc7 Rxc7 26. Rxc7 1-0

[Event "Barcelona Sant Marti op 05th"]
[Site "Barcelona"]
[Date "2003.05.10"]
[Round "3.31"]
[White "Serrate Lopez, Joan Manel"]
[Black "Montalban Colell, Bernat"]
[Result "1/2-1/2"]
[WhiteElo "1770"]
[BlackElo "1950"]
[PlyCount "70"]
[EventDate "2003.04.26"]
[EventType "swiss"]
[EventRounds "9"]
[EventCountry "ESP"]
[SourceTitle "EXT 2004"]
[Source "ChessBase"]
[SourceDate "2003.11.25"]
[SourceVersion "1"]
[SourceVersionDate "2003.11.25"]
[SourceQuality "1"]

1. d4 d5 2. e3 Nf6 3. Bd3 e6 4. Nd2 c5 5. c3 c4 6. Bc2 Qc7 7. f4 b5 8. a3 Bd6 9. Ngf3 Nc6 10. Ne5 Bb7 11. 0-0 h5 12. Ndf3 Bxe5 13. Nxe5 Ne4 14. Rf3 Ne7 15. Rh3 g6 16. Bd2 Bc8 17. Be1 f6 18. Bxe4 dxe4 19. Nxg6 Nxg6 20. Rxh5 Bd7 21. Rxh8+ Nxh8 22. Qh5+ Nf7 23. Bh4 f5 24. Bf6 Qd6 25. Qg6 Qf8 26. Bg7 Qg8 27. h4 Rc8 28. h5 Ke7 29. h6 Kd6 30. h7 Qe8 31. Kf2 Nh8 32. Qf6 Qd8 33. Qe5+ Kc6 34. Rh1 Kb7 35. Rh6 Nf7 1/2-1/2

[Event "Barcelona Sant Marti op 05th"]
[Site "Barcelona"]
[Date "2003.04.26"]
[Round "1.20"]
[White "Serrate Lopez, Joan Manel"]
[Black "Alsina Kirchner, Jordi"]
[Result "0-1"]
[WhiteElo "2000"]
[BlackElo "1770"]
[PlyCount "38"]
[EventDate "2003.04.26"]
[EventType "swiss"]
[EventRounds "9"]
[EventCountry "ESP"]
[SourceTitle "EXT 2004"]
[Source "ChessBase"]
[SourceDate "2003.11.25"]
[SourceVersion "1"]
[SourceVersionDate "2003.11.25"]
[SourceQuality "1"]

1. d4 Nf6 2. e3 g6 3. Bd3 Bg7 4. Nd2 b6 5. f4 Bb7 6. Ngf3 0-0 7. 0-0 d6 8. c3 Nbd7 9. Re1 Re8 10. e4 e5 11. f5 gxf5 12. exf5 e4 13. Nxe4 Nxe4 14. Bxe4 Bxe4 15. Ng5 Bxf5 16. Bf4 Nf6 17. Qb3 Qd7 18. Re3 Rxe3 19. Bxe3 Re8 0-1

[Event "Barcelona Sant Marti op 04th"]
[Site "Barcelona"]
[Date "2002.06.01"]
[Round "9.33"]
[White "Serrate Lopez, Joan Manel"]
[Black "Gracia Egea, Joan"]
[Result "1/2-1/2"]
[WhiteElo "1745"]
[BlackElo "1805"]
[PlyCount "43"]
[EventDate "2002.04.06"]
[EventType "swiss"]
[EventRounds "9"]
[EventCountry "ESP"]
[SourceTitle "EXT 2003"]
[Source "ChessBase"]
[SourceDate "2002.11.25"]
[SourceVersion "1"]
[SourceVersionDate "2002.11.25"]
[SourceQuality "1"]

1. d4 Nf6 2. e3 g6 3. Bd3 Bg7 4. f4 d6 5. Nf3 0-0 6. 0-0 Nbd7 7. Nbd2 c5 8. c3 b6 9. f5 Bb7 10. fxg6 fxg6 11. e4 Rc8 12. d5 Ng4 13. Qe1 Nge5 14. Nxe5 Nxe5 15. Bc2 Rxf1+ 16. Nxf1 Qf8 17. Qe2 Qf6 18. Bd2 e6 19. Ne3 exd5 20. Nxd5 Bxd5 21. exd5 Rf8 22. Rf1 1/2-1/2